000
00326nam a22001457a 4500
003
SGT
082
_a
615.58
_b
D15C
100
_a
CCRH
245
_a
DISEASE MONOGRAPH -6 BRONCHIAL ASTHMA
260
_a
DELHI
_b
CCRH
_c
2015
300
_a
330
650
_a
HOMOEOPATHIC
653
_a
DISEASE, MONOGRAPH, ASTHMA
942
_2
ddc
_c
BK
999
_c
18203
_d
18203